| 000 | 01203cam a22003017i 4500 | ||
|---|---|---|---|
| 001 | 17421316 | ||
| 003 | OSt | ||
| 005 | 20240621111648.0 | ||
| 008 | 120807s2013 enka b 001 0 eng | ||
| 010 | _a 2012946422 | ||
| 020 | _a9780198567653 ( | ||
| 020 | _a 9780198567660 | ||
| 040 |
_aDDC _cMUST |
||
| 082 | 0 | 4 |
_a530 WEI 2013 _22013 |
| 100 | 1 |
_aWeiner, John, _917560 |
|
| 245 | 1 | 0 |
_aLight-matter interaction : _bPhysics and engineering at the nanoscale / _cJohn Weiner |
| 250 | _aFirst edition. | ||
| 264 | 1 |
_aOxford, United Kingdom : _bOxford University Press, _c2013. |
|
| 300 |
_axiii, 261 pages : _billustrations ; _c25 cm. |
||
| 504 | _aIncludes bibliographical references and indexes | ||
| 650 | 0 |
_aNanophotonics. _917561 |
|
| 650 | 0 |
_aElectromagnetic theory. _915573 |
|
| 650 | 0 |
_aElectromagnetic surface waves. _917562 |
|
| 650 | 0 |
_aPlasmons (Physics) _917563 |
|
| 650 | 0 |
_aElectric circuits. _914248 |
|
| 700 | 1 |
_aNunes, Frederico, _917564 |
|
| 942 |
_2ddc _cO_SHELF |
||
| 999 |
_c8688 _d8688 |
||